00889nac a22002411u 4500010001600000020001500016082001600031090001500047100003400062245007900096250001200175260005600187300003400243500006500277500002600342504006100368511002600429650001600455700002400471942001800495999001500513952011900528 a 90043515 a013742586400a658.72bPUR c9393d9393 a20080729 00aPurchasing :bprinciples and applications /cStuart Heinritz ... [et al.]. a8th ed. aEnglewood Cliffs, N.J. :bPrentice Hall,1991c1991. axii, 580 p. :bill. ;c24 cm. aRev. ed. of: Purchasing / Stuart F. Heinritz. 6th ed. c1981. adistributer: Al-Ahram aIncludes bibliographical references ( p. 573) and index. acatalogued by: wessam 0aPurchasing.1 aHeinritz, Stuart F. cBBk658.72PUR c9393d9393 00104070aMAINbMAINc1STd2008-05-06ePurchasel1m1o658.72PURp000011346r2025-07-15 00:00:00s2009-02-18yBB